000 01131cam a2200337 i 4500
999 _c2024
_d2024
001 19860454
003 OSt
005 20230301080641.0
008 170803s2017 my 000 0 eng
010 _a 2017343893
020 _a9789670311081
040 _aDLC
_beng
_cDLC
_erda
_dDLC
_dKH8
042 _alcode
_apcc
043 _aa-my---
082 _a959.5 AZL
100 0 _aZan Azlee,
_eauthor.
245 1 0 _aLiberal, Malay, and Malaysian :
_bwritings of a walking contradiction /
_cZan Azlee.
264 1 _aPetaling Jaya, Selangor, Malaysia :
_bGerakbudaya Enterprise,
_c2017.
300 _axii, 199 pages ;
_c19 cm
336 _atext
_btxt
_2rdacontent
337 _aunmediated
_bn
_2rdamedia
338 _avolume
_bnc
_2rdacarrier
546 _aIn English.
650 0 _aPolitical culture
_zMalaysia.
651 0 _aMalaysia
_xPolitics and government.
651 0 _aMalaysia
_xRace relations.
651 0 _aMalaysia
_xSocial conditions.
906 _a7
_bcbc
_cpremunv
_d3
_encip
_f20
_gy-gencatlg
942 _2ddc
_cNFIC